000 00271nam a2200109Ia 4500
008 200302s9999 xx 000 0 und d
100 _aAndreas Papadakis & Other
245 _aNew Classicism Omnibus Vol
260 _bAcademy Group. Ltd.
260 _c1990
300 _a264 P.,
999 _c875
_d875